000 00612nam a2200181Ia 4500
008 100921s9999 xx 000 0 und d
082 _b30657
_a891.468 थ 98
100 _aदाभोलकर वृंदा.
245 _aकोलाज.
260 _bसविता प्रकाशन, कोल्हापूर.
_c1998
300 _a195
_bग्रंथायन,कोल्हापूर.
365 _b100
520 _aललित-संकीर्ण.
630 _aकोलाज.
650 _aललित-संकीर्ण.
730 _aकोलाज.
942 _cBOOK
999 _c779770
_d779767